000 00355pam a2200157a 44500
008 230515b1990 xxu||||| |||| 00| 0 eng d
020 _aNULL
041 _aENGL
082 _a620.1 / EGO
100 _aPOPOV EGOR P.
245 _aENGINEERING MECHANICS OF SOLIDS
250 _aN.D.
260 _aNULL
_bPRENT
_c1990
300 _a6 PB
650 _aNULL
999 _c630885
_d630885